The bison and the butterfly / (Record no. 400945)
[ view plain ]
| 000 -LEADER | |
|---|---|
| fixed length control field | 01886nam a2200433 i 4500 |
| 001 - CONTROL NUMBER | |
| control field | zcodcb b8510620 |
| 005 - DATE AND TIME OF LATEST TRANSACTION | |
| control field | 20241003165411.0 |
| 007 - PHYSICAL DESCRIPTION FIXED FIELD--GENERAL INFORMATION | |
| fixed length control field | t|| |
| 008 - FIXED-LENGTH DATA ELEMENTS--GENERAL INFORMATION | |
| fixed length control field | 240613s2024 enka a 000 1 eng d |
| 020 ## - INTERNATIONAL STANDARD BOOK NUMBER | |
| International Standard Book Number | 9780711295384 |
| Qualifying information | trade |
| 020 ## - INTERNATIONAL STANDARD BOOK NUMBER | |
| International Standard Book Number | 9780711295377 |
| Qualifying information | paperback |
| 020 ## - INTERNATIONAL STANDARD BOOK NUMBER | |
| International Standard Book Number | 0711295387 |
| 040 ## - CATALOGING SOURCE | |
| Original cataloging agency | ICrlF |
| Language of cataloging | eng |
| Description conventions | rda |
| Transcribing agency | ICrlF |
| Modifying agency | ICrlF |
| 092 ## - LOCALLY ASSIGNED DEWEY CALL NUMBER (OCLC) | |
| Classification number | children picture book |
| Item number | Hemming |
| 100 1# - MAIN ENTRY--PERSONAL NAME | |
| Personal name | Hemming, Alice, |
| Relator term | author. |
| Relator code | aut. |
| 9 (RLIN) | 6424821 |
| 245 14 - TITLE STATEMENT | |
| Title | The bison and the butterfly / |
| Statement of responsibility, etc | Alice Hemming, Nancy Leschnikoff. |
| 246 3# - VARYING FORM OF TITLE | |
| Title proper/short title | Bison & the butterfly. |
| 264 #1 - Production, Publication, Distribution, Manufacture, and Copyright Notice. | |
| Place of production, publication, distribution, manufacture | London : |
| Name of producer, publisher, distributor, manufacturer | Ivy Kids, |
| Date of production, publication, distribution, manufacture, or copyr | 2024. |
| 300 ## - PHYSICAL DESCRIPTION | |
| Extent | 1 volume (unpaged) : |
| Other physical details | illustrations ; |
| Dimensions | 29 cm. |
| 336 ## - Content Type | |
| Content type term | text |
| 336 ## - Content Type | |
| Content type term | still image |
| 337 ## - Media type | |
| Media type term | unmediated |
| 338 ## - Carrier type | |
| Carrier type term | volume |
| 500 ## - GENERAL NOTE | |
| General note | "Produced in collaboration with Kent Wildlife Trust"--title page. |
| 520 ## - SUMMARY, ETC. | |
| Summary, etc | "Bison feels very sad and lonely. She's big and hairy, and sometimes a bit clumsy. She can't imagine why anybody would want to be her friend. But wise Woodpecker knows that everybody likes things different. The other animals of the forest may be a lot more grateful than Bison realizes"--Provided by publisher. |
| 650 #0 - SUBJECT ADDED ENTRY--TOPICAL TERM | |
| Topical term or geographic name as entry element | Bison |
| Form subdivision | Juvenile fiction. |
| 9 (RLIN) | 6473612 |
| 650 #0 - SUBJECT ADDED ENTRY--TOPICAL TERM | |
| Topical term or geographic name as entry element | Butterflies |
| Form subdivision | Juvenile fiction. |
| 9 (RLIN) | 5699015 |
| 650 #0 - SUBJECT ADDED ENTRY--TOPICAL TERM | |
| Topical term or geographic name as entry element | Friendship |
| Form subdivision | Juvenile fiction. |
| 9 (RLIN) | 5673647 |
| 650 #0 - SUBJECT ADDED ENTRY--TOPICAL TERM | |
| Topical term or geographic name as entry element | Biotic communities |
| Form subdivision | Juvenile fiction. |
| 9 (RLIN) | 5774383 |
| 650 #1 - SUBJECT ADDED ENTRY--TOPICAL TERM | |
| Topical term or geographic name as entry element | Bison |
| Form subdivision | Fiction. |
| 9 (RLIN) | 6456760 |
| 650 #1 - SUBJECT ADDED ENTRY--TOPICAL TERM | |
| Topical term or geographic name as entry element | Butterflies |
| Form subdivision | Fiction. |
| 9 (RLIN) | 5675629 |
| 650 #1 - SUBJECT ADDED ENTRY--TOPICAL TERM | |
| Topical term or geographic name as entry element | Friendship |
| Form subdivision | Fiction. |
| 9 (RLIN) | 5673769 |
| 650 #1 - SUBJECT ADDED ENTRY--TOPICAL TERM | |
| Topical term or geographic name as entry element | Biotic communities |
| Form subdivision | Fiction. |
| 9 (RLIN) | 6447318 |
| 655 #7 - INDEX TERM--GENRE/FORM | |
| Genre/form data or focus term | Animal fiction. |
| Source of term | lcgft. |
| 9 (RLIN) | 5748285 |
| 655 #7 - INDEX TERM--GENRE/FORM | |
| Genre/form data or focus term | Picture books. |
| Source of term | lcgft. |
| 700 1# - ADDED ENTRY--PERSONAL NAME | |
| Personal name | Leschnikoff, Nancy, |
| Relator term | illustrator. |
| 9 (RLIN) | 6494686 |
| 710 2# - ADDED ENTRY--CORPORATE NAME | |
| Corporate name or jurisdiction name as entry element | Kent Wildlife Trust, |
| Relator term | sponsoring body. |
| 9 (RLIN) | 6494687 |
| 942 ## - ADDED ENTRY ELEMENTS (KOHA) | |
| Source of classification or shelving scheme | Dewey Decimal Classification |
| Koha item type | BOOK |
| Withdrawn status | Lost status | Source of classification or shelving scheme | Damaged status | Not for loan | Collection code | Home library | Current library | Shelving location | Date acquired | Source of acquisition | Total Checkouts | Total Renewals | Full call number | Barcode | Checked out | Date last seen | Date checked out | Cost, replacement price | Price effective from | Koha item type |
|---|---|---|---|---|---|---|---|---|---|---|---|---|---|---|---|---|---|---|---|---|
| Dewey Decimal Classification | Children Picture Books | Wasatch County Library | Wasatch County Library | Main Floor Childrens Area | 10/03/2024 | Micromarketing | 6 | 3 | E Hemming | 34301002132357 | 04/08/2026 | 02/10/2026 | 02/10/2026 | 19.99 | 10/03/2024 | BOOK |
